| 000 | 00850cam a2200313 4500500 | ||
|---|---|---|---|
| 005 | 20260405003651.0 | ||
| 041 | _afre | ||
| 042 | _adc | ||
| 100 | 1 | 0 |
_ade Oliveira, Victorine _eauthor |
| 245 | 0 | 0 | _aMontesquieu : une pensée historique et cosmopolite |
| 260 | _c2023. | ||
| 500 | _a94 | ||
| 690 | _aDespotisme | ||
| 690 | _aDroit | ||
| 690 | _aÉquilibre des pouvoirs | ||
| 690 | _aHistoire | ||
| 690 | _aLibéralisme | ||
| 690 | _aLois | ||
| 690 | _aLuxe | ||
| 690 | _aMonarchie | ||
| 690 | _aMontesquieu | ||
| 690 | _aPolitique | ||
| 690 | _aPolygamie | ||
| 690 | _aPouvoir | ||
| 690 | _aRome | ||
| 690 | _aServitude | ||
| 786 | 0 | _nPhilosophie magazine | 168 | 4 | 2023-04-01 | p. 43-43 | 1951-1787 | |
| 856 | 4 | 1 | _uhttps://shs.cairn.info/magazine-philosophie-magazine-2023-4-page-43?lang=fr&redirect-ssocas=7080 |
| 999 |
_c2069753 _d2069753 |
||